[Event "Hradec Kralove op 11th"]
[Site "Hradec Kralove"]
[Date "2021.11.09"]
[Round "4"]
[White "Thuesen, Mogens Henrik"]
[Black "Lysenko, Volodymyr"]
[Result "1-0"]
[WhiteElo "2196"]
[BlackElo "1845"]
[PlyCount "125"]
[EventDate "2021.11.06"]
[EventType "swiss"]
[EventRounds "9"]
[EventCountry "CZE"]
[SourceTitle "CBM 205 Extra"]
[Source "ChessBase"]
[SourceDate "2022.01.31"]
[SourceVersion "1"]
[SourceVersionDate "2022.01.31"]
[SourceQuality "1"]

1. d4 f5 2. Bg5 g6 3. e3 Bg7 4. Nc3 h6 5. Bh4 Nf6 6. Bd3 d6 7. Bxf6 Bxf6 8. g4 e6 9. Qf3 Nc6 10. gxf5 exf5 11. Nge2 Be6 12. Nf4 Bf7 13. Bb5 0-0 14. Bxc6 bxc6 15. Qxc6 Rb8 16. 0-0-0 Rb6 17. Qg2 Kh7 18. Nfd5 Rb8 19. Nxf6+ Qxf6 20. Qc6 Qe6 21. d5 Qe7 22. Rd4 Rb6 23. Qa4 Rfb8 24. b3 a6 25. Rhd1 Be8 26. Qa3 Qe5 27. h4 Kg7 28. Ne2 g5 29. hxg5 hxg5 30. Rg1 Kf6 31. Ng3 Bf7 32. Qb2 Rh8 33. Kb1 g4 34. Ne2 Rh2 35. Nf4 Ke7 36. Nd3 Qf6 37. Qc3 Kd8 38. Qe1 Rh3 39. Nf4 Rh2 40. Rh1 Qh4 41. Rxh2 Qxh2 42. Qf1 Ke7 43. Qg2 Qxg2 44. Nxg2 Kf6 45. Kb2 Rb8 46. Nf4 Rh8 47. Rd2 Rh2 48. Kc3 Ke5 49. b4 Kf6 50. a4 Be8 51. a5 Bb5 52. Ne6 Rh7 53. Nd4 Bd7 54. Kd3 Ke5 55. c4 f4 56. exf4+ Kxf4 57. Re2 Rh3+ 58. Kd2 Rh7 59. Ne6+ Bxe6 60. dxe6 Re7 61. b5 c5 62. bxa6 Kf5 63. a7 1-0